Signal processing and linear systems (Record no. 1319)

000 -LEADER
fixed length control field 00543nam a2200205 a 4500
001 - CONTROL NUMBER
control field 1319
003 - CONTROL NUMBER IDENTIFIER
control field BD-DhUET
008 - FIXED-LENGTH DATA ELEMENTS--GENERAL INFORMATION
fixed length control field 980109s1998 caua b 001 0 eng
020 ## - INTERNATIONAL STANDARD BOOK NUMBER
International Standard Book Number 0941413357
040 ## - CATALOGING SOURCE
Original cataloging agency DLC
Transcribing agency DLC
Modifying agency BD-DhUET
082 00 - DEWEY DECIMAL CLASSIFICATION NUMBER
Classification number 623.22
Item number LAT/1998
100 ## - MAIN ENTRY--PERSONAL NAME
Personal name Lathi B. P.
245 10 - TITLE STATEMENT
Title Signal processing and linear systems
250 ## - EDITION STATEMENT
Edition statement 1st ed
260 ## - PUBLICATION, DISTRIBUTION, ETC. (IMPRINT)
Place of publication, distribution, etc. New York
Name of publisher, distributor, etc. Oxford University Press
Date of publication, distribution, etc. 1998
300 ## - PHYSICAL DESCRIPTION
Extent x, 850 p.
Other physical details ill.
Dimensions 24 cm.
504 ## - BIBLIOGRAPHY, ETC. NOTE
Bibliography, etc Includes bibliographies
650 #0 - SUBJECT ADDED ENTRY--TOPICAL TERM
Topical term or geographic name as entry element Digital signal processing
942 ## - ADDED ENTRY ELEMENTS (KOHA)
Koha item type General Book
Holdings
Source of classification or shelving scheme Koha issues (times borrowed) Shelving location Copy number Date acquired Koha full call number Koha date last borrowed Location (home branch) Sublocation or collection (holding branch) Lost status Withdrawn status Price effective from Damaged status Not for loan Koha renewals Koha normalized classification for sorting Koha item type Koha date last seen Piece designation (barcode)
  Circulation section12014-09-03623.22/LAT/1998 Central Library, BUETCentral Library, BUET  2014-09-03  2623_000000000000000_22LAT1998General Book2019-09-14103856
  Circulation section22014-09-03623.22/LAT/1998 Central Library, BUETCentral Library, BUET  2014-09-03   623_000000000000000_22LAT1998General Book2014-09-03103857
 1Circulation section32014-09-03623.22/LAT/19982015-06-13Central Library, BUETCentral Library, BUET  2014-09-03   623_220000000000000_LAT_1998General Book2017-08-19103859
 1Circulation section42014-09-03623.22/LAT/19982015-10-20Central Library, BUETCentral Library, BUET  2014-09-03   623_000000000000000_22LAT1998General Book2017-01-08103860
 1Circulation section52014-09-03623.22/LAT/19982015-05-25Central Library, BUETCentral Library, BUET  2014-09-03   623_000000000000000_22LAT1998General Book2017-04-11103863
 1Circulation section62014-09-03623.22/LAT/19982015-05-25Central Library, BUETCentral Library, BUET  2014-09-03   623_000000000000000_22LAT1998General Book2017-06-13103864
  Circulation section72014-09-03623.22/LAT/1998 Central Library, BUETCentral Library, BUET  2014-09-03   623_000000000000000_22LAT1998General Book2017-08-20103865
  Circulation section82014-11-18623.22/LAT/1998 Central Library, BUETCentral Library, BUET  2014-11-18   623_000000000000000_22LAT1998General Book2017-10-10103858
 1Circulation section92014-12-02623.22 LAT/19982017-04-18Central Library, BUETCentral Library, BUET  2014-12-02   623_220000000000000_LAT1998General Book2017-05-31103861
  Circulation section102015-06-03623.22/LAT/1998 Central Library, BUETCentral Library, BUET  2015-06-03  2623_220000000000000_LAT_1998General Book2017-02-06100035
 2Circulation section112007-05-28623.22/LAT/19982025-09-07Central Library, BUETCentral Library, BUET  2017-10-31   623_220000000000000_LAT_1998General Book2025-09-17103862